Oficina Tècnica de Construccions Agràries / [director Cèsar Martinell]
Descripción Física:
15 p. : fot. ; 21 cm
Otros Autores:
Martinell, Cèsar, 1888-1973
Materias:
Construccions agrícoles -- Catalunya
MARC
| LEADER | 00000nam a2200000Ia 4500 | ||
|---|---|---|---|
| 001 | 17310 | ||
| 008 | 160829s9999 xx 000 0 cat d | ||
| 080 | |a Q-498, exp. 8 | ||
| 245 | |a Oficina Tècnica de Construccions Agràries / [director Cèsar Martinell] | ||
| 260 | |a [Barcelona] : |b Ed. Barcelonesa, [1918 ?] | ||
| 300 | |a 15 p. : |b fot. ; |c 21 cm | ||
| 650 | |a Construccions agrícoles |x Catalunya |9 30006 | ||
| 700 | 1 | |a Martinell, Cèsar, |d 1888-1973 |e editor literari |9 26013 | |
| 901 | |a Arxiu | ||
| 942 | |n 1 |2 udc | ||
| 952 | |0 0 |1 0 |4 0 |6 Q498_EXP_8 |7 1 |9 53953 |a Arxiu |b Arxiu |d 2016-12-01 |l 0 |o Q-498, exp. 8 |p 17310 |r 2016-12-01 00:00:00 |w 2016-12-01 |y ARXIU | ||
| 999 | |c 57820 |d 57820 | ||